| 000 | 00783 a2200205 4500 | ||
|---|---|---|---|
| 003 | NUST | ||
| 005 | 20221121181837.0 | ||
| 010 | _a 93051092 | ||
| 020 | _a0201569906 | ||
| 040 | _cNust | ||
| 082 | 0 | 0 | _a515.63,PAR |
| 100 | 1 |
_aParker, Leonard Emanuel, _9103310 |
|
| 245 | 1 | 0 |
_aMathTensor : _ba system for doing tensor analysis by computer / _cLeonard Parker, Steven M. Christensen. |
| 260 |
_aReading, Mass. : _bAddison-Wesley, _cc1994. |
||
| 300 |
_axv, 379 p. ; _c24 cm. |
||
| 505 | _aPart-A: Tensor Analysis in Math tensor (Page-11), Part-B: Differential Forms in Math tensor (Page-201), Part-C: Applications of Math tensor (Page-243). | ||
| 650 | 0 |
_aCalculus of tensors _xData processing. _9103311 |
|
| 700 | 1 |
_aChristensen, Steven M. _9103312 |
|
| 942 |
_cBK _2ddc _k515.63,PAR |
||
| 999 |
_c175418 _d175418 |
||